000
00336nam a2200133 i 4500
001
bgj
100
1
_a
WILLIAMSON, Marilyn L.
245
4
_a
The patriarchy of Shakespeare' comedies /
_c
Marilyn L. Williamson.
260
_a
Detroit,
_c
1986.
040
_c
BPK
041
_a
eng
942
_c
KS
008
s uk f |000 0 eng
999
_c
47882
_d
47882